000 01243nam1a22002411i 4500
001 rc\218009
005 20260407092803.0
035 _a(NLR Aleph) 005623658
090 _a6515893
_c6515893
100 _a20030307g19959999u |0rusy50 ca
101 0 _arus
102 _aRU
105 _ay |||||||||
200 1 _aКитай и Россия в Восточной Азии и АТР в XXI веке
_eТез. докл. VI междунар. науч. конф. "Китай. Кит. цивилизация и мир. История, современность, перспективы" (Москва, 11-13 окт. 1995 г.)
210 _aМ.
_cИДВ
_d1995-
215 _d21
300 _aВ надзаг.: Рос. АН, Науч. совет по пробл. комплекс. изуч. современ. Китая, Ин-т Дальнего Востока
711 1 2 _a"Китай. Китайская цивилизация и мир. История, современность, перспективы", международная научная конференция
_d6
_eМосква
_f1995
_9601654
_3RU\NLR\AUTH\8810050737
801 0 _aRU
_bNLR
_gpsbo
801 1 _aRU
_bELAR
_2rusmarc
852 _aNLR
_j95-3/8362
942 _cBOOK